Отчет за I-VI год деятельности Общества Сибирских Инженеров (со 2 апреля 1909 г. по 1 января 1914 г.)

Detalhes bibliográficos
Resumo:Бесплатное приложение к №5 "Журнала Общества Сибирских Инженеров"
Idioma:russo
Publicado em: Томск, Типография Приюта и Дома Трудолюбия, 1915
Assuntos:
Formato: Livro
KOHA link:https://koha.lib.tpu.ru/cgi-bin/koha/opac-detail.pl?biblionumber=156882

MARC

LEADER 00000nam0a2200000 4500
001 156882
005 20231031153431.0
035 |a (RuTPU)RU\TPU\book\170134 
035 |a RU\TPU\book\165119 
090 |a 156882 
100 |a 20090331d1915 km y0rusy50 ca 
101 0 |a rus 
102 |a RU 
105 |a a z 001zy 
200 1 |a Отчет за I-VI год деятельности Общества Сибирских Инженеров (со 2 апреля 1909 г. по 1 января 1914 г.) 
210 |a Томск  |c Типография Приюта и Дома Трудолюбия  |d 1915 
215 |a 27 с.,32 с., 38 с., 34 с.,40 с.,28 с.  |c ил. 
300 |a Бесплатное приложение к №5 "Журнала Общества Сибирских Инженеров" 
610 1 |a Общество сибирских инженеров 
610 1 |a научно-технические объединения 
610 1 |a образование 
610 1 |a развитие 
610 1 |a Сибирь 
610 1 |a Томск 
610 1 |a 20 век 
610 1 |a Томский технологический институт 
610 1 |a история 
675 |a 62  |v 3 
801 1 |a RU  |b 63413507  |c 20090129  |g PSBO 
801 2 |a RU  |b 63413507  |c 20091008  |g PSBO 
942 |c BK